Les 50... Personnages de South park - Statistiques

Statistiques générales
  • Ce quiz a été pris 481 fois
  • Le résultat moyen est 26 sur 50
Statistiques - réponses
Par images Réponse % Correct
Kenny Mccormick
99%
Kyle Broflovski
99%
Stan Marsh
99%
Eric Cartman
98%
Jerome 'Chef' McElroy
98%
Butters Stotch
95%
Randy Marsh
90%
Timmy Bursh
90%
Philip
88%
Servietsky
85%
Wendy Testaburger
85%
Jimmy Valmer
84%
Herbert Garrison
81%
Terrance
81%
Ike Broflovski
74%
M. Esclave
72%
Craig Tucker
71%
M. Hankey
69%
Tweek Tweak
68%
Bebe Stevens
61%
Officier Barbrady
59%
Jimbo Kern
58%
Tolkien Black
58%
Gerald Broflovski
54%
Sharon Marsh
54%
M. Mackey
51%
Clyde Donovan
49%
Ned Gerblanski
47%
HommeOursPorc
45%
Shelley Marsh
43%
Al super Gay
41%
Liane Cartman
37%
Maire Mcdaniels
36%
M. Toque
35%
Principale Victoria
31%
Sheila Broflovski
31%
Linda Stotch
27%
Red McArthur
23%
Père Maxi
18%
Tuong Lu Kim
14%
Kitty
13%
Marvin Marsh
13%
Stephen Stotch
11%
Carol McCormick
9%
Stuart McCormick
7%
Veronica Crabtree
6%
Infirmière Gollum
5%
Dr. Alphonse Mephesto
4%
Harrison Yates
4%
Coach Miles
3%
Aucun quiz correspondant
Distribution des résultats
% des personnes avec chaque résultat
Percentile par nombre de réponses
Votre historique - résultats
Vous n’avez pas pris ce quiz